| 000 | 00729nam a22001817a 4500 | ||
|---|---|---|---|
| 008 | 160525b xxu||||| |||| 00| 0 eng d | ||
| 020 | _a2296549128 | ||
| 020 | _a9782296549128 | ||
| 082 |
_a701.17 _bK881u |
||
| 100 |
_aKoyo Kouoh; Nana Oforiatta-Ayim _95030 |
||
| 245 |
_aUne bibliothèque idéale _bune publication sur la théorie qui influence la pratique de l'art = An ideal library : a publication on theory that influences art practice _cKoyo Kouoh; Nana Oforiatta-Ayim |
||
| 260 |
_aDakar _bRaw Material Company _c2012. |
||
| 300 |
_a127 pag _bill. _c15 cm |
||
| 440 |
_v1 vol. _95031 |
||
| 650 |
_aTeoria del arte _vEstetica _xProducción artística _95032 |
||
| 700 |
_aKoyo Kouoh _95033 |
||
| 700 |
_aNana Oforiatta-Ayim _95034 |
||
| 999 |
_c916 _d916 |
||